| 000 | 00497nam a2200169Ia 4500 | ||
|---|---|---|---|
| 003 | GCL | ||
| 008 | 140319s9999 xx 000 0 ara d | ||
| 040 |
_aGCL / _cGCL |
||
| 082 | 0 | 4 |
_aق _b962.052 _bد ر |
| 245 | 1 | 0 | _aالرحلة السلطانية فى اقليم المنوفية سنة 1920 |
| 300 | _a108 ص | ||
| 490 |
_aكتاب _v0 |
||
| 650 | 0 | 4 | _aمصر - تاريخ |
| 650 | 0 | 4 | _aالملك احمد فؤاد |
| 650 | 0 | 4 | _aالمنوفية , محافظة - تاريخ |
| 942 |
_2ddc _cBK |
||
| 999 |
_c43115 _d43115 |
||